<?xml version="1.0" encoding="UTF-8"?>
<record
    xmlns:xsi="http://www.w3.org/2001/XMLSchema-instance"
    xsi:schemaLocation="http://www.loc.gov/MARC21/slim http://www.loc.gov/standards/marcxml/schema/MARC21slim.xsd"
    xmlns="http://www.loc.gov/MARC21/slim">

  <leader>01144nam0a2200301 i 4500</leader>
  <controlfield tag="001">RU\NLR\BIBL_A\011199211</controlfield>
  <controlfield tag="005">20240921170741.0</controlfield>
  <datafield tag="010" ind1=" " ind2=" ">
    <subfield code="a">9785996608393</subfield>
    <subfield code="9">5000</subfield>
  </datafield>
  <datafield tag="021" ind1=" " ind2=" ">
    <subfield code="a">RU</subfield>
    <subfield code="b">2016-61900</subfield>
    <subfield code="9">3934</subfield>
  </datafield>
  <datafield tag="035" ind1=" " ind2=" ">
    <subfield code="a">(NILC)RuMoRGB-008026397</subfield>
  </datafield>
  <datafield tag="035" ind1=" " ind2=" ">
    <subfield code="a">(NLR Aleph) 011199211</subfield>
  </datafield>
  <datafield tag="090" ind1=" " ind2=" ">
    <subfield code="a">11911127</subfield>
    <subfield code="c">11911127</subfield>
  </datafield>
  <datafield tag="100" ind1=" " ind2=" ">
    <subfield code="a">20160823d2016    u  y0rusy50      ca</subfield>
  </datafield>
  <datafield tag="101" ind1="0" ind2=" ">
    <subfield code="a">rus</subfield>
  </datafield>
  <datafield tag="102" ind1=" " ind2=" ">
    <subfield code="a">RU</subfield>
  </datafield>
  <datafield tag="105" ind1=" " ind2=" ">
    <subfield code="a">y|||z|||000  </subfield>
  </datafield>
  <datafield tag="200" ind1="1" ind2=" ">
    <subfield code="a">&#x41E;&#x431;&#x449;&#x435;&#x441;&#x442;&#x432;&#x43E;&#x437;&#x43D;&#x430;&#x43D;&#x438;&#x435;</subfield>
    <subfield code="e">&#x415;&#x413;&#x42D;</subfield>
    <subfield code="e">10-11 &#x43A;&#x43B;&#x430;&#x441;&#x441;&#x44B;</subfield>
    <subfield code="e">&#x437;&#x430;&#x434;&#x430;&#x43D;&#x438;&#x44F; &#x432;&#x44B;&#x441;&#x43E;&#x43A;&#x43E;&#x433;&#x43E; &#x443;&#x440;&#x43E;&#x432;&#x43D;&#x44F; &#x441;&#x43B;&#x43E;&#x436;&#x43D;&#x43E;&#x441;&#x442;&#x438;</subfield>
    <subfield code="e">&#x443;&#x447;&#x435;&#x431;&#x43D;&#x43E;-&#x43C;&#x435;&#x442;&#x43E;&#x434;&#x438;&#x447;&#x435;&#x441;&#x43A;&#x43E;&#x435; &#x43F;&#x43E;&#x441;&#x43E;&#x431;&#x438;&#x435;</subfield>
    <subfield code="f">&#x420;.&#x412;. &#x41F;&#x430;&#x437;&#x438;&#x43D;</subfield>
  </datafield>
  <datafield tag="205" ind1=" " ind2=" ">
    <subfield code="a">&#x418;&#x437;&#x434;. 3-&#x435;, &#x43F;&#x435;&#x440;&#x435;&#x440;&#x430;&#x431;. &#x438; &#x434;&#x43E;&#x43F;.</subfield>
  </datafield>
  <datafield tag="210" ind1=" " ind2=" ">
    <subfield code="a">&#x420;&#x43E;&#x441;&#x442;&#x43E;&#x432;-&#x43D;&#x430;-&#x414;&#x43E;&#x43D;&#x443;</subfield>
    <subfield code="c">&#x41B;&#x435;&#x433;&#x438;&#x43E;&#x43D;</subfield>
    <subfield code="d">2016</subfield>
  </datafield>
  <datafield tag="215" ind1=" " ind2=" ">
    <subfield code="a">415 &#x441;.</subfield>
    <subfield code="d">20</subfield>
  </datafield>
  <datafield tag="320" ind1=" " ind2=" ">
    <subfield code="a">&#x411;&#x438;&#x431;&#x43B;&#x438;&#x43E;&#x433;&#x440;.: &#x441;. 411-412</subfield>
  </datafield>
  <datafield tag="606" ind1="1" ind2=" ">
    <subfield code="a">&#x41E;&#x431;&#x449;&#x435;&#x441;&#x442;&#x432;&#x43E;&#x432;&#x435;&#x434;&#x435;&#x43D;&#x438;&#x435;</subfield>
    <subfield code="j">&#x423;&#x447;&#x435;&#x431;&#x43D;&#x44B;&#x435; &#x438;&#x437;&#x434;&#x430;&#x43D;&#x438;&#x44F; &#x434;&#x43B;&#x44F; &#x441;&#x440;&#x435;&#x434;&#x43D;&#x435;&#x439; &#x448;&#x43A;&#x43E;&#x43B;&#x44B;</subfield>
    <subfield code="9">1764031</subfield>
    <subfield code="3">RU\NLR\AUTH\66791493</subfield>
  </datafield>
  <datafield tag="686" ind1="1" ind2=" ">
    <subfield code="a">&#x421;.&#x44F;72</subfield>
  </datafield>
  <datafield tag="700" ind1=" " ind2="1">
    <subfield code="a">&#x41F;&#x430;&#x437;&#x438;&#x43D;</subfield>
    <subfield code="b">&#x420;. &#x412;.</subfield>
    <subfield code="g">&#x420;&#x43E;&#x43C;&#x430;&#x43D; &#x412;&#x438;&#x43A;&#x442;&#x43E;&#x440;&#x43E;&#x432;&#x438;&#x447;</subfield>
  </datafield>
  <datafield tag="942" ind1=" " ind2=" ">
    <subfield code="c">BOOK</subfield>
  </datafield>
  <datafield tag="980" ind1=" " ind2=" ">
    <subfield code="a">NBR</subfield>
  </datafield>
</record>
